English football local derbies - Statistics

General Stats
  • This quiz has been taken 1,504 times
  • The average score is 10 of 15
Answer Stats
Hint Answer % Correct
Liverpool Everton
98%
Manchester City Manchester United
98%
Arsenal Tottenham Hotspur
97%
Sheffield United Sheffield Wednesday
92%
Newcastle United Sunderland
87%
Birmingham City Aston Villa
84%
Bristol City Bristol Rovers
83%
Ipswich Town Norwich City
73%
Nottingham Forest Notts County
67%
West Bromwich Albion Wolverhampton Wanderers
64%
Preston North End Blackpool
40%
Southend United Colchester United
29%
Brighton & Hove Albion Bournemouth
27%
Brentford Charlton Athletic
17%
Macclesfield Town Stockport County
12%
No matching quizzes found
Score Distribution
Percent of People with Each Score
Percentile by Number Answered
Your Score History
You have not taken this quiz